Dva triumfy Jaroslava Línka

Bibliographic Details
Format: Article
Language:Slovak
ISSN:0139-7001
Subjects:

MARC

LEADER 00000nab a2200000 a 4500
001 vtls000851092
003 SK-MaSNL
005 20260302165115.0
008 180207c2003 xo 0 slo
015 |a SNBRB2003/11-31010 
035 |a CLN000202747 
040 |a SNKBUCL  |b slo  |c SNKBUCL  |e AACR2 
041 0 |a slo 
044 |a xo  |c SK 
080 |a 798.4.093.1(4)  |2 UDC-MRF-SK2 
245 0 0 |a Dva triumfy Jaroslava Línka  |c Igor Gressner 
650 0 7 |a jazdectvo  |x dostihy  |x Stredoeurópsky chovateľský pohár  |z Budapešť (Maďarsko)  |y 2003  |2 snkbucl  |9 869151 
655 7 |a články z novín a časopisov  |2 snkbucl  |9 267496 
773 0 |x 0139-7001  |t Šport  |g Roč. 57, č. 247 (27.10.2003), s. 31 
850 |a Slovenská národná knižnica v Martine 
852 |a SNK  |b KIS3GCP 
958 |a RBX 
999 |c 1388913  |d 1390843